Collaboration between public authorities and employers' and workers' organisations at the industrial and national levels. (Record no. 36999)

MARC details
000 -LEADER
fixed length control field 00875cam a22002411 4500
001 - CONTROL NUMBER
control field l 59000104
003 - CONTROL NUMBER IDENTIFIER
control field DLC
005 - DATE AND TIME OF LATEST TRANSACTION
control field 20260227111545.0
008 - FIXED-LENGTH DATA ELEMENTS--GENERAL INFORMATION
fixed length control field 810108m19581959sz 000 0 eng c
010 ## - LIBRARY OF CONGRESS CONTROL NUMBER
LC control number l 59000104
035 ## - SYSTEM CONTROL NUMBER
System control number (OCoLC)7052902
040 ## - CATALOGING SOURCE
Original cataloging agency U.S. Dept. of Labor. Library
Transcribing agency MChB
Modifying agency MChB
-- DLC
050 00 - LIBRARY OF CONGRESS CALL NUMBER
Classification number HD6476
Item number .I6 1959
082 ## - DEWEY DECIMAL CLASSIFICATION NUMBER
Classification number 331.15
110 2# - MAIN ENTRY--CORPORATE NAME
Corporate name or jurisdiction name as entry element International Labour Office.
245 10 - TITLE STATEMENT
Title Collaboration between public authorities and employers' and workers' organisations at the industrial and national levels.
Remainder of title Eighth item on the agenda.
260 ## - PUBLICATION, DISTRIBUTION, ETC.
Place of publication, distribution, etc. Geneva,
Date of publication, distribution, etc. 1958-59.
300 ## - PHYSICAL DESCRIPTION
Extent 2 v.
Dimensions 24 cm.
500 ## - GENERAL NOTE
General note At head of title: Report 8 (1)-(2) International Labour Conference. 43d sess., 1959.
650 #0 - SUBJECT ADDED ENTRY--TOPICAL TERM
Topical term or geographic name entry element Labor unions.
650 #0 - SUBJECT ADDED ENTRY--TOPICAL TERM
Topical term or geographic name entry element Employers' associations.
711 2# - ADDED ENTRY--MEETING NAME
Meeting name or jurisdiction name as entry element International Labor Conference.
Number of part/section/meeting (43d :
Date of meeting or treaty signing 1959 :
Location of meeting Geneva)

No items available.

Powered by Koha